LEADER 02129nam0 2200481 i 450 001 VAN00053154 005 20260407114334.543 010 $a978-04-86659-84-8 100 $a20060925r19681989 |0itac50 ba 101 $aeng 102 $aUS 105 $a|||| ||||| 181 $ai$b e 182 $an 183 $anc 200 1 $aAtomic physics$fMax Born$gfrom the original translation of John Dougall; revised by R. J. Blin-Stoyle and J. M. Radcliffe 205 $a8. ed 210 $aNew York$cDover$d1989 215 $axiv, 495 p.$cill.$d22 cm 300 $aRipubblicazione integrale e inalterata dell'8. ed. (1968) 410 1$1001VAN00060262$12001 $aDover Books on Physics$1210 $aNew York$cDover$d1986- 500 1$3VAN00079497$aModerne Physik$9344219 606 $a81V45$xAtomic physics [MSC 2020]$3VANC023266$2MF 620 $aUS$dNew York$3VANL000011 700 1$aBorn$bMax$3VANV026538$0306662 702 1$aDougall$bJohn$3VANV261826$4730 702 1$aBlin-Stoyle$bRoger J.$3VANV041945 702 1$aRadcliffe$bJohn M.$3VANV041946 712 $aDover $3VANV108158$4650 790 1$aDougall, J.$zDougall, John$3VANV261827 790 1$aBlin-Stoyle, Roger John$zBlin-Stoyle, Roger J.$3VANV061769 790 1$aBlin-Stoyle, R. J.$zBlin-Stoyle, Roger J.$3VANV261828 790 1$aBlin-Stoyle, R.J.$zBlin-Stoyle, Roger J.$3VANV261829 790 1$aRadcliffe, John Michael$zRadcliffe, John M.$3VANV256350 790 1$aRadcliffe, J. M.$zRadcliffe, John M.$3VANV256351 790 1$aRadcliffe, J.M.$zRadcliffe, John M.$3VANV256352 801 $aIT$bSOL$c20260410$gRICA 856 4 $uhttps://books.google.it/books?id=3eDcCgAAQBAJ&pg=PA159&dq=9780486659848&hl=it&sa=X&ved=0ahUKEwi2jqOt99zbAhWKPxQKHSiTBMYQ6AEIJzAA#v=onepage&q&f=false$zPreview 899 $aBIBLIOTECA DEL DIPARTIMENTO DI MATEMATICA E FISICA$1IT-CE0120$2VAN08 912 $aVAN00053154 950 $aBIBLIOTECA DEL DIPARTIMENTO DI MATEMATICA E FISICA$d08PREST 81-XX 0509 $e08 508 II 20060925 996 $aModerne Physik$9344219 997 $aUNICAMPANIA